Влияние рельефа минерального ложа на комплексность минеротрофных болот надпойменных террас реки Оби; Известия Томского политехнического университета [Известия ТПУ]; Т. 307, № 2

Detalles Bibliográficos
Parent link:Известия Томского политехнического университета [Известия ТПУ]/ Томский политехнический университет (ТПУ).— , 2000-
Т. 307, № 2.— 2004.— [С. 65-71]
Autor Principal: Прейс Ю. И. Юлия Ивановна
Outros autores: Антропова Н. А. Наталья Алексеевна, Рубцова М. Г.
Summary:Заглавие с титульного листа
Электронная версия печатной публикации
Изучены стратиграфия и свойства торфов мезотрофного грядово-мочажинного комплекса болота Карасевое. Выявлена строгая приуроченность гряд и мочажин к элементам мезо- и микрорельефа минерального дна болота. Установлены главные причины формирования комплексности - различия водного режима и режима водно-минерального питания, обусловленные дифференциацией рельефа минерального дна.
Idioma:ruso
Publicado: 2004
Series:Естественные науки
Subjects:
Acceso en liña:http://www.lib.tpu.ru/fulltext/v/Bulletin_TPU/2004/v307/i2/13.pdf
Formato: Electrónico Capítulo de libro
KOHA link:https://koha.lib.tpu.ru/cgi-bin/koha/opac-detail.pl?biblionumber=168944

MARC

LEADER 00000nla2a2200000 4500
001 168944
005 20231222105105.0
035 |a (RuTPU)RU\TPU\book\183276 
035 |a RU\TPU\book\183275 
090 |a 168944 
100 |a 20091105d2004 k y0rusy50 ca 
101 0 |a rus 
102 |a RU 
135 |a drnn ---uucaa 
181 0 |a i  
182 0 |a b 
200 1 |a Влияние рельефа минерального ложа на комплексность минеротрофных болот надпойменных террас реки Оби  |f Ю. И. Прейс, Н. А. Антропова, М. Г. Рубцова 
203 |a Текст  |c электронный 
215 |a 1 файл (4.1 Мб) 
225 1 |a Естественные науки 
300 |a Заглавие с титульного листа 
300 |a Электронная версия печатной публикации 
320 |a [Библиогр.: с. 71 (10 назв.)] 
330 |a Изучены стратиграфия и свойства торфов мезотрофного грядово-мочажинного комплекса болота Карасевое. Выявлена строгая приуроченность гряд и мочажин к элементам мезо- и микрорельефа минерального дна болота. Установлены главные причины формирования комплексности - различия водного режима и режима водно-минерального питания, обусловленные дифференциацией рельефа минерального дна. 
337 |a Adobe Reader 
461 1 |0 (RuTPU)RU\TPU\book\176237  |t Известия Томского политехнического университета [Известия ТПУ]  |f Томский политехнический университет (ТПУ)  |d 2000- 
463 1 |0 (RuTPU)RU\TPU\book\183202  |t Т. 307, № 2  |v [С. 65-71]  |d 2004  |p 213 с. 
610 1 |a рельефы 
610 1 |a минеральное ложе 
610 1 |a комплексность 
610 1 |a минеротрофные болота 
610 1 |a надпойменные террасы 
610 1 |a Обь 
610 1 |a стратиграфия 
610 1 |a свойства 
610 1 |a торф 
610 1 |a мезотрофный грядово-мочажинный комплекс 
610 1 |a Карасевое болото 
610 1 |a приуроченность 
610 1 |a гряды 
610 1 |a мочажины 
610 1 |a элементы 
610 1 |a мезорельефы 
610 1 |a микрорельефы 
610 1 |a минеральное дно 
610 1 |a формирование 
610 1 |a водные режимы 
610 1 |a водно-минеральное питание 
610 1 |a дифференциация 
610 1 |a труды учёных ТПУ 
610 1 |a электронный ресурс 
610 1 |a режимы 
610 1 |a причины 
700 1 |a Прейс  |b Ю. И.  |g Юлия Ивановна 
701 1 |a Антропова  |b Н. А.  |c специалист в области транспорта и хранения нефти  |c доцент Томского политехнического университета, кандидат геолого-минералогических наук  |f 1959-  |g Наталья Алексеевна  |3 (RuTPU)RU\TPU\pers\26134  |4 070  |9 11963 
701 1 |a Рубцова  |b М. Г. 
801 1 |a RU  |b 63413507  |c 20090623  |g PSBO 
801 2 |a RU  |b 63413507  |c 20210601  |g PSBO 
856 4 |u http://www.lib.tpu.ru/fulltext/v/Bulletin_TPU/2004/v307/i2/13.pdf 
942 |c CF